000 00563nam a2200217Ia 4500
003 OSt
005 20230509150439.0
008 210423s2012 xx 000 0 und d
020 _a9781429276344
040 _cAL
041 _aeng
082 _a574.87322 GRIA
_223
100 _aGRIFFITHS (Anthony J F);others.
_9101308
245 _aIntroduction to genetic analysis.
250 _a10
260 _aNew York
_bW H Freeman & Co.
_c2012
300 _axxi,802
_bHB
365 _b4003
_cINR
906 _aanalysis. ; genetic ; Introduction
942 _2ddc
_cBK
999 _c164560
_d164560